2022 Tennis Grand Slam Upsets - Statistics

General Stats
  • This quiz has been taken 39 times
    33 since last reset
  • The average score is 39 of 162
Answer Stats
Grand Slam M/W Round Player Defeated Seed Player That Won Seed % Correct
Australian Open Men's Final Daniil Medvedev 2 Rafael Nadal 6
81%
French Open Men's Quarters Novak Djokovic 1 Rafael Nadal 5
81%
French Open Men's Semis Alexander Zverev 3 Rafael Nadal 5
81%
Wimbledon Men's Fourth Carlos Alcaraz 5 Jannik Sinner 10
62%
Wimbledon Men's Second Filip Krajinović 26 Nick Kyrgios -
58%
Wimbledon Men's Third Stefanos Tsitsipas 4 Nick Kyrgios -
58%
U.S. Open Men's Fourth Daniil Medvedev 1 Nick Kyrgios 23
58%
U.S. Open Men's Fourth Cameron Norrie 7 Andrey Rublev 9
54%
French Open Men's First Denis Shapovalov 14 Holger Rune -
54%
French Open Men's Fourth Stefanos Tsitsipas 4 Holger Rune -
54%
Wimbledon Women's Semis Simona Halep 16 Elena Rybakina 17
42%
Wimbledon Women's Final Ons Jabeur 3 Elena Rybakina 17
42%
U.S. Open Men's Third Diego Schwartzman 14 Frances Tiafoe 22
42%
U.S. Open Men's Fourth Rafael Nadal 2 Frances Tiafoe 22
42%
U.S. Open Men's Quarters Andrey Rublev 9 Frances Tiafoe 22
42%
French Open Men's Third Cameron Norrie 10 Karen Khachanov 21
42%
U.S. Open Men's Fourth Pablo Carreño Busta 12 Karen Khachanov 27
42%
U.S. Open Men's Quarters Nick Kyrgios 23 Karen Khachanov 27
42%
Australian Open Men's Third Roberto Bautista Agut 15 Taylor Fritz 20
42%
Australian Open Women's Second Garbiñe Muguruza 3 Alizé Cornet -
38%
Australian Open Women's Third Tamara Zidansek 29 Alizé Cornet -
38%
Australian Open Women's Fourth Simona Halep 14 Alizé Cornet -
38%
French Open Women's Second Jeļena Ostapenko 13 Alizé Cornet -
38%
Wimbledon Women's First Yulia Putintseva 27 Alizé Cornet -
38%
Wimbledon Women's Third Iga Świątek 1 Alizé Cornet -
38%
U.S. Open Women's First Emma Raducanu 11 Alizé Cornet -
38%
Australian Open Men's First Nikoloz Basilashvili 21 Andy Murray WC
38%
U.S. Open Men's First Francisco Cerundolo 24 Andy Murray -
38%
French Open Men's First Tommy Paul 30 Cristian Garín -
38%
Wimbledon Men's Third Jenson Brooksby 29 Cristian Garin -
38%
Wimbledon Men's Fourth Alex de Minaur 19 Cristian Garin -
38%
Australian Open Men's Fourth Alexander Zverev 3 Denis Shapovalov 14
38%
Australian Open Men's Third Cristian Garin 16 Gael Monfils 17
38%
Australian Open Men's First Cameron Norrie 12 Sebastian Korda -
38%
Australian Open Men's Second Hubert Hurkacz 10 Adrian Mannarino -
35%
Australian Open Men's Third Aslan Karatsev 18 Adrian Mannarino -
35%
Australian Open Women's Fourth Elise Mertens 19 Danielle Collins 27
35%
Australian Open Women's Semis Iga Świątek 7 Danielle Collins 27
35%
Australian Open Women's Fourth Maria Sakkari 5 Jessica Pegula 21
35%
Australian Open Men's Third Andrey Rublev 5 Marin Čilić 27
35%
French Open Men's Fourth Daniil Medvedev 2 Marin Čilić 20
35%
French Open Men's Quarters Andrey Rublev 7 Marin Čilić 20
35%
Australian Open Men's First John Isner 22 Maxime Cressy -
35%
Wimbledon Men's First Felix Auger-Aliassime 6 Maxime Cressy -
35%
U.S. Open Women's Third Belinda Bencic 13 Karolína Plíšková 22
31%
French Open Women's Third Belinda Bencic 14 Leylah Fernandez 17
31%
Australian Open Men's First Ugo Humbert 29 Richard Gasquet -
31%
U.S. Open Men's Second Miomir Kecmanović 32 Richard Gasquet -
31%
U.S. Open Women's Second Anett Kontaveit 2 Serena Williams -
31%
Wimbledon Women's Fourth Paula Badosa 4 Simona Halep 16
31%
Wimbledon Men's Second Casper Ruud 3 Ugo Humbert -
31%
French Open Women's Third Aryna Sabalenka 7 Camila Giorgi 28
27%
Wimbledon Women's Second Emma Raducanu 10 Caroline Garcia -
27%
Wimbledon Women's Third Shuai Zhang 33 Caroline Garcia -
27%
U.S. Open Women's Quarters Coco Gauff 12 Caroline Garcia 17
27%
Australian Open Women's First Angelique Kerber 16 Kaia Kanepi -
27%
Australian Open Women's Fourth Aryna Sabalenka 2 Kaia Kanepi -
27%
French Open Women's First Garbiñe Muguruza 10 Kaia Kanepi -
27%
U.S. Open Women's Third Garbiñe Muguruza 9 Petra Kvitová 21
27%
Wimbledon Men's First Hubert Hurkacz 7 Alejandro Davidovich Fokina -
23%
French Open Men's Second Frances Tiafoe 24 David Goffin -
23%
Wimbledon Men's Second Sebastián Báez 31 David Goffin -
23%
Wimbledon Men's Fourth Frances Tiafoe 23 David Goffin -
23%
Wimbledon Women's Third Angelique Kerber 15 Elise Mertens 24
23%
Australian Open Women's First Sofia Kenin 11 Madison Keys -
23%
Australian Open Women's Fourth Paula Badosa 8 Madison Keys -
23%
Australian Open Women's Quarters Barbora Krejčíková 4 Madison Keys -
23%
French Open Women's Third Elena Rybakina 16 Madison Keys 22
23%
French Open Women's Quarters Leylah Fernandez 17 Martina Trevisan -
23%
French Open Women's Second Danielle Collins 9 Shelby Rogers -
23%
U.S. Open Women's First Jil Teichmann 30 Shuai Zhang -
23%
French Open Women's Second Sorana Cîrstea 26 Sloane Stephens -
23%
French Open Women's Fourth Jil Teichmann 23 Sloane Stephens -
23%
Australian Open Women's First Petra Kvitová 20 Sorana Cîrstea -
23%
Australian Open Women's Third Anastasia Pavlyuchenkova 10 Sorana Cîrstea -
23%
French Open Men's First Alejandro Davidovich Fokina 25 Tallon Griekspoor -
23%
Wimbledon Men's Second Denis Shapovalov 13 Brandon Nakashima -
19%
U.S. Open Men's Second Grigor Dimitrov 17 Brandon Nakashima -
19%
U.S. Open Men's Second Botic van de Zandschulp 21 Corentin Moutet -
19%
U.S. Open Men's First Stefanos Tsitsipas 4 Daniel Galán -
19%
French Open Women's First Barbora Krejčíková 2 Diane Parry -
19%
Wimbledon Women's First Kaia Kanepi 31 Diane Parry -
19%
French Open Men's First Reilly Opelka 17 Filip Krajinović -
19%
French Open Men's First Pablo Carreño Busta 16 Gilles Simon WC
19%
U.S. Open Men's Second Felix Auger-Aliassime 6 Jack Draper -
19%
U.S. Open Men's Second Borna Ćorić 25 Jenson Brooksby -
19%
Wimbledon Men's Second Diego Schwartzman 12 Liam Broady WC
19%
U.S. Open Women's Second Leylah Fernandez 14 Liudmila Samsonova -
19%
U.S. Open Men's First Maxime Cressy 30 Márton Fucsovics -
19%
French Open Women's Second Simona Halep 19 Qinwen Zheng -
19%
U.S. Open Women's First Jeļena Ostapenko 16 Qinwen Zheng -
19%
French Open Women's Third Paula Badosa 3 Veronika Kudermetova 29
19%
French Open Women's Fourth Madison Keys 22 Veronika Kudermetova 29
19%
French Open Women's First Anett Kontaveit 5 Ajla Tomljanović -
15%
Wimbledon Women's First Jil Teichmann 18 Ajla Tomljanović -
15%
Wimbledon Women's Third Barbora Krejčíková 13 Ajla Tomljanović -
15%
Australian Open Women's Second Belinda Bencic 22 Amanda Anisimova -
15%
Australian Open Women's Third Naomi Osaka 13 Amanda Anisimova -
15%
Wimbledon Women's Third Coco Gauff 11 Amanda Anisimova 20
15%
Australian Open Men's Second Grigor Dimitrov 26 Benoit Paire -
15%
U.S. Open Women's Second Beatriz Haddad Maia 15 Bianca Andreescu -
15%
Australian Open Men's Second Diego Schwartzman 13 Christopher O'Connell WC
15%
Australian Open Women's Second Emma Raducanu 17 Danka Kovinić -
15%
French Open Women's First Liudmila Samsonova 25 Danka Kovinic -
15%
U.S. Open Women's First Simona Halep 7 Daria Snigur -
15%
Wimbledon Men's First Pablo Carreño Busta 16 Dušan Lajović -
15%
French Open Women's Second Ekaterina Alexandrova 30 Irina-Camelia Begu -
15%
U.S. Open Women's First Elise Mertens 32 Irina-Camelia Begu -
15%
French Open Women's Third Victoria Azarenka 15 Jil Teichmann 23
15%
Wimbledon Women's First Beatriz Haddad Maia 23 Kaja Juvan -
15%
French Open Women's First Ons Jabeur 6 Magda Linette -
15%
Australian Open Men's Third Lorenzo Sonego 25 Miomir Kecmanović -
15%
Australian Open Women's First Coco Gauff 18 Qiang Wang -
15%
Wimbledon Women's First Belinda Bencic 14 Qiang Wang -
15%
Wimbledon Women's Second Sorana Cîrstea 26 Tatjana Maria -
15%
Wimbledon Women's Third Maria Sakkari 5 Tatjana Maria -
15%
Wimbledon Women's Fourth Jeļena Ostapenko 12 Tatjana Maria -
15%
Australian Open Women's Third Elina Svitolina 15 Victoria Azarenka 24
15%
U.S. Open Women's Second Maria Sakkari 3 Xiyu Wang -
15%
U.S. Open Men's First Nikoloz Basilashvili 31 Yibing Wu -
15%
U.S. Open Women's First Amanda Anisimova 24 Yulia Putintseva -
15%
Australian Open Men's First Lloyd Harris 30 Aleksandar Vukic WC
12%
U.S. Open Women's Second Barbora Krejčíková 23 Aleksandra Krunić -
12%
French Open Women's Second Emma Raducanu 12 Aliaksandra Sasnovich -
12%
French Open Women's Third Angelique Kerber 21 Aliaksandra Sasnovich -
12%
U.S. Open Men's First Taylor Fritz 10 Brandon Holt -
12%
U.S. Open Women's First Elena Rybakina 25 Clara Burel -
12%
Wimbledon Women's First Martina Trevisan 22 Elisabetta Cocciaretto -
12%
French Open Men's First Alex de Minaur 19 Hugo Gaston -
12%
Wimbledon Men's First Daniel Evans 28 Jason Kubler Q
12%
French Open Women's Second Maria Sakkari 4 Karolína Muchová -
12%
French Open Men's Second Nikoloz Basilashvili 22 Mackenzie McDonald -
12%
Australian Open Women's First Leylah Fernandez 23 Maddison Inglis WC
12%
Wimbledon Women's First Camila Giorgi 21 Magdalena Fręch -
12%
French Open Men's Second Daniel Evans 29 Mikael Ymer -
12%
Wimbledon Women's First Shelby Rogers 30 Petra Martić -
12%
Wimbledon Women's Third Jessica Pegula 8 Petra Martić -
12%
U.S. Open Women's Second Paula Badosa 4 Petra Martić -
12%
Wimbledon Men's Second Reilly Opelka 15 Tim van Rijthoven WC
12%
Wimbledon Men's Third Nikoloz Basilashvili 22 Tim van Rijthoven WC
12%
French Open Men's Second Taylor Fritz 13 Bernabé Zapata Miralles -
8%
French Open Men's Third John Isner 23 Bernabé Zapata Miralles -
8%
Australian Open Women's Second Anett Kontaveit 6 Clara Tauson -
8%
French Open Women's Second Petra Kvitová 32 Daria Saville -
8%
U.S. Open Women's First Martina Trevisan 27 Evgeniya Rodina -
8%
Wimbledon Women's First Garbiñe Muguruza 9 Greet Minnen -
8%
Wimbledon Women's Second Sara Sorribes Tormo 32 Harmony Tan -
8%
U.S. Open Women's First Daria Kasatkina 10 Harriet Dart -
8%
U.S. Open Men's Second Hubert Hurkacz 8 Ilya Ivashka -
8%
U.S. Open Men's Third Lorenzo Musetti 26 Ilya Ivashka -
8%
U.S. Open Men's First Roberto Bautista Agut 16 J.J. Wolf -
8%
Wimbledon Women's Second Anett Kontaveit 2 Jule Niemeier -
8%
Wimbledon Women's Second Karolína Plíšková 6 Katie Boulter WC
8%
U.S. Open Women's Second Ekaterina Alexandrova 28 Lauren Davis -
8%
French Open Women's Second Karolína Plíšková 8 Léolia Jeanjean -
8%
Wimbledon Women's Second Anhelina Kalinina 29 Lesia Tsurenko
8%
Wimbledon Men's First Holger Rune 24 Marcos Giron -
8%
Wimbledon Women's First Danielle Collins 7 Marie Bouzková -
8%
Wimbledon Women's Third Alison Riske-Amritraj 28 Marie Bouzková -
8%
Australian Open Women's Second Sara Sorribes Tormo 32 Marta Kostyuk -
8%
French Open Men's First Jenson Brooksby 31 Pablo Cuevas -
8%
Wimbledon Men's First Grigor Dimitrov 18 Steve Johnson -
8%
No matching quizzes found
Score Distribution
Percent of People with Each Score
Percentile by Number Answered
Your Score History
You have not taken this quiz since the last reset